National Birds Of Countries - Picture Quiz - Statistics

General Stats
  • This quiz has been taken 31 times
  • The average score is 6 of 15
Answer Stats
Picture Hint Answer % Correct
Bald Eagle United States
95%
Emu Australia
77%
Red-Crowned Crane China
59%
Gallic Rooster France
59%
European Robin United Kingdom
55%
Javan Hawk-Eagle Indonesia
50%
Siamese Fireback Thailand
50%
Green Pheasant Japan
45%
Rufous-Bellied Thrush Brazil
23%
Little Owl Greece
23%
Hoopoe Israel
23%
Northern Lapwing Ireland
18%
Black-Tailed Godwit Netherlands
14%
Northern Goshawk North Korea
14%
Common Blackbird Sweden
9%
No matching quizzes found
Score Distribution
Percent of People with Each Score
Percentile by Number Answered
Your Score History
You have not taken this quiz